Statistiques concernant Géographie de l'Empire japonais

Cliquez ici pour prendre le quiz!

Statistiques générales

  • Ce quiz a été pris 3 491 fois
    (3 420 depuis la dernière actualisation)
  • Le résultat moyen est 11 sur 20

Statistiques - réponses

QuestionRéponse% Correct
Capitale impériale du Japon jusqu'en 1868Kyoto
94%
Quelle base navale a été attaquée par l'armée de l'air japonaise le 7 décembre 1941 ?Pearl Harbor
92%
Quelles villes ont été victimes de bombardements atomiques lors de la Seconde Guerre mondiale ?Hiroshima
90%
Quelles villes ont été victimes de bombardements atomiques lors de la Seconde Guerre mondiale ?Nagasaki
89%
Quel royaume unifié a été annexé par le Japon en 1910 ?Corée
83%
Quel pays est devenu indépendant des Néerlandais après la fin de la domination japonaise ?Indonésie
77%
Quel pays a failli perdre la totalité de sa flotte du Pacifique dans une guerre contre le Japon ?Russie
68%
Quelle grande ville chinoise connut l'un des premiers bombardements stratégiques de l'histoire en 1937, dans le cadre de sa conquête par les Japonais ?Shanghai
63%
Nom porté par Tokyo avant qu'elle ne devienne capitaleEdo
55%
De quelle religion, majoritaire dans l'archipel, la pratique a-t-elle été imposée dans certaine colonie ?Shinto
52%
Quel État fantoche japonais a été créé dans le nord de la Chine en 1932 ?Mandchoukouo
51%
Dans quelle ville aujourd'hui indépendante 80 000 soldats britanniques ont-ils été capturés lorsqu’elle est tombée aux mains des Japonais pendant la Seconde Guerre mondiale ?Singapour
51%
Dans quelle ville plus de 300 000 Chinois ont-ils été massacrés en 1937 ?Nankin
46%
De quel pays le Japon a-t-il récupéré la plupart des îles du Pacifique en 1919 ?Allemagne
37%
Lors de la construction d'un pont, sur quelle rivière se trouvaient environ 250 000 prisonniers alliés soumis au travail forcé ?Kwaï
36%
Quelle île aujourd'hui indépendante les Japonais ont-ils occupé de 1942 à 1945 dans l'objectif d'en exploiter les ressources en phosphate ?Nauru
34%
Dans quel atoll du Pacifique donnant son nom à une célèbre bataille le Japon a-t-il perdu quatre porte-avions en 1942 ?Midway
32%
Quelle ville a reçu le nom de « Keijō » lorsqu'elle était sous domination japonaise ?Séoul
31%
Quelle ville du nord de l'Australie a été bombardée par le Japon en 1942 ?Darwin
30%
De quelle île appartenant à ce pays le Japon a-t-il pris le contrôle après sa victoire en 1905 ?Sakhaline
26%

Distribution des résultats

Percentile par nombre de réponses

% des personnes avec chaque résultat

Votre développement - résultats

Vous n’avez pas pris ce quiz depuis la dernière actualisation